| 000 | 00944nam a2200265Ia 4500 | ||
|---|---|---|---|
| 003 | OSt | ||
| 005 | 20220927110859.0 | ||
| 006 | a|||||r|||| 00| 0 | ||
| 007 | ta | ||
| 008 | 220926b |||||||| |||| 00| 0 eng d | ||
| 024 | _a96513 | ||
| 037 | _cReports | ||
| 040 |
_aRTL _cRTL _beng |
||
| 041 |
_2eng _aeng |
||
| 082 | _a"X9(F191):77.1(X).N6t, K1" | ||
| 110 |
_aInterregional Symposium on Development of Metal Working Industries in Developing Countries. (Moscow) (1966) _9380861 |
||
| 245 | 0 | _aReport | |
| 260 |
_aNew _bYrok United Naitons USA _c1969 |
||
| 300 |
_a"viii, 557p." _ccm. |
||
| 490 | _aUnited Nations Industrial development Organizaiton Publicaiton | ||
| 650 | _aIron and Steel Industry | ||
| 700 |
_aInterregional Symposium on Development of Metal Working Industries in Developing Countries. (Moscow) (1966) _9380862 |
||
| 942 |
_h"X9(F191):77.1(X).N6t, K1" _cCC |
||
| 999 |
_c698311 _d698311 |
||